000 00532cam a2200169 4500
008 120807n 000 0 eng u
022 _a18100775
035 _a(Sirsi) a177039
050 _aFAO HF1416.6 MAR 2011
100 _aMarshall, Elaine
245 _aHealth and Wealth from Medicinal Aromatic Plants/
_cElaine Marshall
260 _aRome:
_bFood and Agriculture Organisation,
_c2011
300 _avii,68p.:
_bill.
650 _aMedicinal Plants
650 _aAromatic Plants
710 _aFood and Agriculture Organisation
999 _c117791
_d117791